书目信息 |
| 题名: |
文献检索与论文写作
|
|
| 作者: | 邓富民 , 梁学栋 编著 | |
| 分册: | ||
| 出版信息: | 北京 经济管理出版社 2017.08 |
|
| 页数: | 360页 | |
| 开本: | 24cm | |
| 丛书名: | ||
| 单 册: | ||
| 中图分类: | G254.97 , H152.2 | |
| 科图分类: | ||
| 主题词: | 情报检索--高等学校--教材 , 论文--写作--高等学校--教材 | |
| 电子资源: | ||
| ISBN: | 978-7-5096-5131-5 | |
| 000 | 01273nam0 2200313 450 | |
| 001 | 0120172315083 | |
| 005 | 20180906092316.51 | |
| 010 | @a978-7-5096-5131-5@dCNY68.00 | |
| 100 | @a20171102d2017 em y0chiy50 ea | |
| 101 | 0 | @achi |
| 102 | @aCN@b110000 | |
| 105 | @aak z 000yy | |
| 106 | @ar | |
| 200 | 1 | @a文献检索与论文写作@9wen xian jian suo yu lun wen xie zuo@dGuide writing ilterature reviews and and dissertations@f邓富民,梁学栋编著@zeng |
| 205 | @a2版 | |
| 210 | @a北京@c经济管理出版社@d2017.08 | |
| 215 | @a360页@c图@d24cm | |
| 300 | @a高等院校“十三五”信息管理类规划教材 | |
| 330 | @a本书在整合既有文献检索与学位论文写作等方面内容基础之上,系统地阐述了文献检索基础知识与基本技能,全面地介绍了主要文献特点、分布与检索技巧,规范地讲解了学位论文的写作范式与方法等。本书是一本兼具教材与参考工具书特点的读本。 | |
| 333 | @a本书可作为高等院校学生的文献信息检索与论文写作课程的教材,也可作为相关工作者的参考书 | |
| 510 | 1 | @aGuide writing ilterature reviews and and dissertations@zeng |
| 606 | 0 | @a情报检索@x高等学校@j教材 |
| 606 | 0 | @a论文@x写作@x高等学校@j教材 |
| 690 | @aG254.97@v5 | |
| 690 | @aH152.2@v5 | |
| 701 | 0 | @a邓富民@4编著 |
| 701 | 0 | @a梁学栋@4编著 |
| 801 | 0 | @aCN@b人天书店@c20171102 |
| 905 | @b1085160-64@dG254.97@e135=2@f5 | |
| 文献检索与论文写作=Guide writing ilterature reviews and and dissertations/邓富民,梁学栋编著.-2版.-北京:经济管理出版社,2017.08 |
| 360页:图;24cm |
| 高等院校“十三五”信息管理类规划教材.-使用对象:本书可作为高等院校学生的文献信息检索与论文写作课程的教材,也可作为相关工作者的参考书 |
| ISBN 978-7-5096-5131-5:CNY68.00 |
| 本书在整合既有文献检索与学位论文写作等方面内容基础之上,系统地阐述了文献检索基础知识与基本技能,全面地介绍了主要文献特点、分布与检索技巧,规范地讲解了学位论文的写作范式与方法等。本书是一本兼具教材与参考工具书特点的读本。 |
| ● |
| 相关链接 |
|
|
|
|
正题名:文献检索与论文写作
索取号:G254.97/135=2
 
预约/预借
| 序号 | 登录号 | 条形码 | 馆藏地/架位号 | 状态 | 备注 |
| 1 | 1085160 | 210851602 | 第一样本阅览室/ [索取号:G254.97/135=2] | 在馆 | |
| 2 | 1085161 | 210851611 | 教育系资料室/ [索取号:G254.97/135=2] | 在馆 | |
| 3 | 1085162 | 210851620 | 教育系资料室/ [索取号:G254.97/135=2] | 在馆 | |
| 4 | 1085163 | 210851639 | 第四借阅区/ [索取号:G254.97/135=2] | 在馆 | |
| 5 | 1085164 | 210851648 | 第四借阅区/ [索取号:G254.97/135=2] | 在馆 |